000 00628nam a2200181 4500
001 130982
003 ES-MaACL
005 20230906193906.0
007 t|
008 070214s1944 mx r ||||1| spa d
100 1 _aRobbins, Lionel Charles
_cBaron (
_d1898-1984)
_997789
245 1 0 _aEnsayo sobre la naturaleza y significación de la ciencia económica /
_cLionel Robbins ; versión española de Daniel Cosío Villegas.
250 _a1ª ed.
260 _aMéxico :
_bFondo de Cultura Económica,
_c1944.
300 _a214 p. ;
_c22 cm.
700 1 _aCosío Villegas, Daniel.
_940996
852 _aES-MaACL
_jF-5189
_bR.26737
999 _c130982
_d130982